Elementos para el diseño de paisaje (Record no. 128368)

MARC details
000 -LEADER
fixed length control field 00623nam a22001937a 4500
005 - DATE AND TIME OF LATEST TRANSACTION
control field 20230426115047.0
008 - FIXED-LENGTH DATA ELEMENTS--GENERAL INFORMATION
fixed length control field 170627b mx ||||| |||| 00| 0 spa d
020 ## - INTERNATIONAL STANDARD BOOK NUMBER
International Standard Book Number 9682446163
050 04 - LIBRARY OF CONGRESS CALL NUMBER
Classification number NA2750
Item number C33 1993
100 1# - MAIN ENTRY--PERSONAL NAME
Personal name Cabeza Pérez, Alejandro.
245 10 - TITLE STATEMENT
Title Elementos para el diseño de paisaje
Remainder of title : Naturales, artificiales y adicionales
Statement of responsibility, etc / Alejandro Cabeza Perez.
250 ## - EDITION STATEMENT
Edition statement 1a ed.
260 ## - PUBLICATION, DISTRIBUTION, ETC. (IMPRINT)
Place of publication, distribution, etc México :
Name of publisher, distributor, etc Trillas,
Date of publication, distribution, etc 1993.
300 ## - PHYSICAL DESCRIPTION
Extent 81 p. :
Other physical details il. ;
Dimensions 22cm.
504 ## - BIBLIOGRAPHY, ETC. NOTE
Bibliography, etc Incluye bibliografia.
650 #7 - SUBJECT ADDED ENTRY--TOPICAL TERM
Source of heading or term lemb
Topical term or geographic name as entry element Diseño arquitectónico
650 #7 - SUBJECT ADDED ENTRY--TOPICAL TERM
Source of heading or term lemb
Topical term or geographic name as entry element Arquitectura del paisaje
942 ## - ADDED ENTRY ELEMENTS (KOHA)
Source of classification or shelving scheme Biblioteca del Cogreso de los Estados Unidos
Koha item type Libro
Holdings
Estado de pérdida Fuente de clasificación Estado del daño No para préstamo Ubicación permanente Ubicación actual Apartado o colección Fecha de adquisición Edición Dependencia de educación superior (DES) Área del conocimiento Clasificación Código de Barras Date last seen Número de copia Tipo de recurso Costo por reposición Total Checkouts
  Biblioteca del Cogreso de los Estados Unidos     Biblioteca de la Facultad de Arquitectura Biblioteca de la Facultad de Arquitectura General 27/06/2017 1a ed. Ingeniería y Arquitectura Ingeniería y Tecnología NA2750 C33 1993 BFA000001943 27/06/2017 1 Libro    
  Biblioteca del Cogreso de los Estados Unidos     Biblioteca de la Facultad de Arquitectura Biblioteca de la Facultad de Arquitectura General 04/07/2017 1a ed. Ingeniería y Arquitectura Ingeniería y Tecnología NA2750 C33 1993 BFA000002145 04/07/2017 2 Libro 1.00  
  Biblioteca del Cogreso de los Estados Unidos     Biblioteca de la Facultad de Arquitectura Biblioteca de la Facultad de Arquitectura General 11/06/2018 1a ed. Ingeniería y Arquitectura Ingeniería y Tecnología NA2750 C33 1993 BFA000003197 11/06/2018 3 Libro    
  Biblioteca del Cogreso de los Estados Unidos     Biblioteca de la Facultad de Arquitectura Biblioteca de la Facultad de Arquitectura General 26/04/2023 1a ed.   Educación y Humanidades NA2750 C33 1993 BFA000005939 26/04/2023 4 Libro 1.00  
  Biblioteca del Cogreso de los Estados Unidos     Biblioteca de la Unidad de Ciencias Ingeniería y Humanidades Biblioteca de la Unidad de Ciencias Ingeniería y Humanidades General 13/09/2017 1a ed.   Ingeniería y Tecnología NA2750 C33 1993 BCU000019708 13/09/2017 1 Libro 1.00  
  Biblioteca del Cogreso de los Estados Unidos     Biblioteca de la Unidad de Ciencias Ingeniería y Humanidades Biblioteca de la Unidad de Ciencias Ingeniería y Humanidades General 13/09/2017 1a ed.   Ingeniería y Tecnología NA2750 C33 1993 BCU000019709 13/09/2017 2 Libro 1.00  
  Biblioteca del Cogreso de los Estados Unidos     Biblioteca de la Unidad de Ciencias Ingeniería y Humanidades Biblioteca de la Unidad de Ciencias Ingeniería y Humanidades General 13/09/2017 1a ed.   Ingeniería y Tecnología NA2750 C33 1993 BCU000019710 13/09/2017 3 Libro 1.00